Hamilton Take a Break Lyrics - Part 1 - Statistics

General Stats
  • This quiz has been taken 104 times
  • The average score is 407 of 499
Answer Stats
Lyrics % Correct
a
96%
break.
96%
Take
96%
take
96%
an
94%
away.
94%
away?
94%
away...
94%
away--
94%
away
94%
go
94%
go.
94%
I
94%
the
94%
The
94%
with
94%
With
94%
My
93%
my
93%
"My
93%
am
91%
can
91%
Do
91%
have
91%
on
91%
there
91%
to
91%
you
91%
You
91%
and
90%
And
90%
Angelica,
90%
Angelica"
90%
Angelica!
90%
for
90%
is
90%
it
90%
It
90%
name
90%
summer.
90%
summer
90%
There's
90%
there's
90%
this
90%
this?
90%
upstate.
90%
Your
90%
your
90%
Alexander--
88%
Alexander,
88%
Alexander.
88%
all
88%
be
88%
can't
88%
in
88%
In
88%
Let's
88%
ocean
88%
poet.
88%
sister
88%
sister,
88%
so
88%
Un
88%
when
88%
dearest
87%
dearest,
87%
get
87%
I'm
87%
just
87%
nine!
87%
show
87%
son
87%
us
87%
way
87%
way.
87%
We
87%
write
87%
wrote
87%
but
86%
But
86%
Hi.
86%
know...
86%
know.
86%
know
86%
little
86%
nine
86%
nine.
86%
Philip,
86%
Philip.
86%
say.
86%
say
86%
today.
86%
today!
86%
turned
86%
brother.
84%
cannot
84%
day
84%
day"
84%
day.
84%
Jefferson.
84%
Jefferson's
84%
me
84%
then
84%
Daddy,
83%
daddy,
83%
I'll
83%
like
83%
mine.
83%
of
83%
old
83%
One
83%
rhymes,
83%
wait.
83%
want
83%
years
83%
deux
81%
Eliza,
81%
Eliza!
81%
father.
81%
letter
81%
play.
81%
play
81%
two
81%
are,
80%
comma
80%
eight
80%
five
80%
four
80%
from
80%
our
80%
Run
80%
seven
80%
six
80%
stay
80%
three
80%
will
80%
been
78%
down
78%
family.
78%
fam'ly
78%
lake
78%
look--
78%
One
78%
plate.
78%
sister's
78%
sisters!
78%
something
78%
two
78%
you're
78%
Good!
77%
good
77%
he'd
77%
He's
77%
mother.
77%
practicing
77%
They
77%
trois
77%
bank.
75%
Did
75%
its
75%
It's
75%
live
75%
Macbeth,
75%
much
75%
must
75%
piano
75%
poem
75%
six
75%
surprise
75%
think
75%
"tomorrow
75%
tomorrow
75%
try
75%
after
74%
Anyway,
74%
gets
74%
great.
74%
nearby
74%
neuf
74%
neuf--
74%
night
74%
older
74%
through
74%
Adams
72%
America's
72%
before
72%
changed
72%
cinq
72%
Cinq
72%
cinq!
72%
coming
72%
dark...
72%
don't
72%
Hey,
72%
his
72%
home
72%
John
72%
kid
72%
meaning.
72%
minute,
72%
Okay,
72%
okay--
72%
Okay!
72%
pretty
72%
quatre
72%
supper
72%
at
71%
busy,
71%
daddy's
71%
huit
71%
reminds
71%
start
71%
another
70%
fav'rite
70%
intend
70%
moment
70%
noticed
70%
sept
70%
Sept
70%
someone
70%
trying
70%
across
68%
come
68%
got
68%
Has
68%
having
68%
I've
68%
make
68%
man
68%
middle
68%
spends
68%
stop
68%
'til
68%
very
68%
What!
68%
without
68%
agree
67%
invitation,
67%
phrase.
67%
sea.
67%
tell
67%
tragedy
67%
corner
65%
face.
65%
if
65%
notion
65%
only
65%
practice
65%
Schuyler
65%
Scottish
65%
see
65%
won't
65%
Angelica's
64%
arriving
64%
compromise,
64%
French
64%
him
64%
save
64%
work's
64%
ago
62%
important,
62%
Madison
62%
pain
62%
pain,
62%
reference
62%
stroke
62%
weeks
62%
you'll
62%
crossing
61%
Macduff
61%
received
61%
Sit
61%
Thoughts
61%
waking
61%
ass,
59%
days.
59%
love
59%
subside,
59%
written
59%
consumed
58%
massive
58%
understand
58%
You've
58%
downstairs.
57%
park.
57%
says:
57%
ambition
55%
folly,
55%
I'd
55%
put
55%
creeps
54%
trust
52%
Bravo!
51%
Congress
49%
petty
49%
Uh-huh!
48%
Banquo,
46%
Wood
45%
polymath,
42%
pace
39%
Dunsinane.
30%
Birnam
26%
No matching quizzes found
Score Distribution
Percent of People with Each Score
Percentile by Number Answered
Your Score History
You have not taken this quiz